000 00902nam a22002777a 4500
001 4818
003 FISKH
005 20241016134054.0
008 241016b cb ||||| |||| 00| 0 eng d
020 _a9780439297875
040 _aFISKH
_beng
_cFISKH
_dFISKH
050 _aPZ7.L578345
082 _a479
100 _aLevine , Gail Carson
245 _aThe Wish /
_cby Gail Carson Levine
250 _aFirst Scholastic printing , September 201
260 _aNew York :
_bScholastic ;
_c2000 .
300 _a197 pages :
_billustrations ;
_c20 cm .
505 _aJ
520 _aWhen granted her wish to be the most popular girl in school, Wilma, an eighth grader, forgets that she will graduate in three weeks and her popularity will vanish.
521 8 _a490
_bLexile
521 8 _aJ
_bRaz-Plus
650 _apopularity
_vfiction
942 _2ddc
_cBK
_n0
999 _c4818
_d4818